Porovnávanie sekvencií pohľadu používateľov na Webe pri výskyte problémov s použiteľnosťou

Na minha lista:
Detalhes bibliográficos
Autor principal: Dlhá, Mária (Author)
Outros Autores: Svrček, Martin (Thesis advisor)
Formato: Manuscrito Livro
Idioma:eslovaco
inglês
Publicado em: 2019
Assuntos:
Acesso em linha:http://is.stuba.sk/zp/portal_zp.pl?podrobnosti=145465
Tags: Adicionar Tag
Sem tags, seja o primeiro a adicionar uma tag!

MARC

LEADER 00000ntm a22000003a 4500
001 stuzp74951
003 SK-STU
005 20190622212545.5
007 ta
008 150427s2015----xo-----f-mn---000-0-slo-d
040 |a STU  |b slo 
041 0 |a eng 
100 1 |a Dlhá, Mária  |u 070200  |k Z4  |4 aut  |U FIIT Fakulta informatiky a informačných technológií  |T FIIT Ústav informatiky, informačných systémov a softvérového inžinierstva  |X 73711  |U I200  |Y 179  |7 73711 
242 0 1 |a Porovnávanie sekvencií pohľadu používateľov na Webe pri výskyte problémov s použiteľnosťou  |y slo 
245 1 0 |a Porovnávanie sekvencií pohľadu používateľov na Webe pri výskyte problémov s použiteľnosťou 
260 |c 2019 
650 4 |a problémy použiteľnosti  |2 slo 
650 4 |a webová navigácia  |2 slo 
650 4 |a porovnávanie sekvencií pohľadu  |2 slo 
650 4 |a web navigation  |2 eng 
650 4 |a comparing scanpaths  |2 eng 
650 4 |a usability problems  |2 eng 
700 1 |a Svrček, Martin  |4 ths  |X 46159  |7 A000046159 
856 4 |u http://is.stuba.sk/zp/portal_zp.pl?podrobnosti=145465 
996 |c I*DP66/19  |l II680  |s P  |a 0  |w stuzp74951_0001